000 00941nam a22002053i 4500
001 154743
003 ES-MaACL
005 20230906205833.0
008 021028s1850 xxk |||| | eng d
040 _aCCPB | B
_bspa
_cCCPB | B
110 1 _aGreat Britain.
_bGeneral Board of Health.
_9155159
245 1 0 _aReport of the general board of health on the epidemic cholera of 1848 & 1849
_b: [With appendices].
260 _aLondon :
_b[s.n.],
_c1850 (
_fprinted by W. Clowes & Sons)
300 _aVIII, 157, 164, 200 p., [13] h. pleg. de graf. ;
_c21 cm.
500 _aAppendices: A. Report by Dr. Sutherland.-B. Report by Mr. Grainger.
500 _aLos ápendices con portada propia.
650 4 _aCólera-
_zGran Bretaña.
_9155160
852 _aES-MaACL
_jR-1371(2)
_z-- Enc. hol.
_q-- Contiene unicamente el Appendix B
_z.- Donativo Mateo Seoane
852 _aES-MaACL
_jR-1369(2)
_q.- Texto y apéndice A
_z.- Donativo Mateo Seoane
999 _c154743
_d154743